| 000 | 00910nam a2200229 a 4500 | ||
|---|---|---|---|
| 001 | 68157 | ||
| 003 | BD-RjUL | ||
| 005 | 20211209081733.0 | ||
| 008 | 170330s2013 bg |||| |||| 000 0 en d | ||
| 020 |
_a9847018201019 _c: Tk. 100.00 |
||
| 035 | _a(BD-RjUL)68367 | ||
| 040 |
_aBD-RjUL _bben _cBD-RjUL _dBD-RjUL |
||
| 041 | _aben | ||
| 082 |
_223 _a891.4409 _bJAS 2013 |
||
| 100 | 1 |
_aজলিল, মুহম্মদ আবদুল _9202042 |
|
| 245 | 1 | 0 |
_aসাহিত্য সৌরভে শাহজাদপুর / _cমুহম্মদ আবদুল জলিল |
| 260 |
_aঢাকা : _bসমাচার, _c২০১৩ |
||
| 300 |
_a৬২ পৃ. : _bচিত্র. ; _c২৫ সেমি. |
||
| 650 |
_aবাংলাসাহিত্য _9202043 _xইতিহাস ও সমালোচনা |
||
| 650 |
_aBengali Literature _9202044 _xHistory and criticism |
||
| 942 |
_2ddc _cBK |
||
| 999 |
_c68157 _d68157 |
||